000 002650000a22001090004500
090 _aAR
_b04415
245 1 0 _aCycnoches Ventricosum complex
041 0 _aInglés
100 1 _aCarr, George F.
_998297
942 _cARTICULO
773 1 _tOrchid Digest
_h1
_q29-35
_d2000
_g64
999 _c13512
_d13512